Interakcia s AI avatarom vo virtuálnom prostredí

Enregistré dans:
Détails bibliographiques
Auteur principal: Prokop, Branislav (Auteur)
Autres auteurs: Antal, Eugen (Directeur de thèse)
Format: Manuscrit Livre
Langue:slovaque
Publié: Bratislava : STU v Bratislave FEI, 2021
Sujets:
Accès en ligne:https://opac.crzp.sk/?fn=detailBiblioForm&sid=38F43C5054BC4F7F2FB9CEF31F28&seo=CRZP-detail-kniha
Tags: Ajouter un tag
Pas de tags, Soyez le premier à ajouter un tag!

MARC

LEADER 00000ntm a22000003a 4500
001 stuzp81137
003 SK-STU
005 20220203111159.7
007 ta
008 150427s2015----xo-----f-mn---000-0-slo-d
040 |a STU  |b slo 
041 0 |a slo 
044 |a xo 
100 1 |a Prokop, Branislav  |u 035000  |4 aut  |U FEI Fakulta elektrotechniky a informatiky  |T FEI Ústav informatiky a matematiky  |X 97912  |U E050  |Y 816  |7 97912 
242 0 1 |a Interaction with AI avatar in VR  |y eng 
245 1 0 |a Interakcia s AI avatarom vo virtuálnom prostredí 
260 |a Bratislava :  |b STU v Bratislave FEI,  |c 2021 
300 |a 67 s., príl. 
650 4 |a Avatar  |2 slo 
650 4 |a AI  |2 slo 
650 4 |a Virtuálna realita  |2 slo 
650 4 |a AIML  |2 slo 
650 4 |a Avatar  |2 eng 
650 4 |a AIML  |2 eng 
650 4 |a AI  |2 eng 
650 4 |a Virtual reality  |2 eng 
700 1 |a Antal, Eugen  |u 035000  |k Z1  |4 ths  |U FEI Fakulta elektrotechniky a informatiky  |T FEI Ústav informatiky a matematiky  |X 36087  |U E050  |Y 816  |7 A000036087 
856 4 |u https://opac.crzp.sk/?fn=detailBiblioForm&sid=38F43C5054BC4F7F2FB9CEF31F28&seo=CRZP-detail-kniha